Software development : a rigorous approach /

Guardado en:
Autor Principal: Jones, C. B. 1944-
Formato: Libro
Idioma:English
Publicado: Englewood Cliffs, N.J. : Prentice/Hall International, c1980.
Series:Prentice-Hall International series in computer science
Materias:
Etiquetas: Agregar Etiqueta
Sin Etiquetas, Sea el primero en etiquetar este registro!
LEADER 00716cam a2200205 a 4500
001 MAT.inmabb002685
008 790507s1980####njua#####b####001#0#eng##
005 20160804124151.0
245 1 0 |a Software development :  |b a rigorous approach /  |c Cliff B. Jones. 
260 |a Englewood Cliffs, N.J. :  |b Prentice/Hall International,  |c c1980. 
300 |a xv, 382 p. :  |b il. ;  |c 24 cm. 
440 0 |a Prentice-Hall International series in computer science 
504 |a Bibliografía: p. 371-378. 
020 |a 0138218846 
100 1 |a Jones, C. B.  |q (Cliff B.),  |d 1944- 
650 0 |a Computer software  |x Development. 
084 |a 68N01  |2 msc2000 
010 |a  79014806  
040 |a DLC  |c DLC  |d DLC 
859 |h 68  |i J76  |p A-5122  |b BIB. MATEMATICA